[Event "Biel Master Tournament 2019"]
[Site "Biel"]
[Date "2019.07.23"]
[Round "2.7"]
[White "Mittal, Aditya"]
[Black "Donchenko, Alexander"]
[Result "0-1"]
[WhiteElo "2429"]
[BlackElo "2615"]
[Annotator "ChessBase"]
[PlyCount "78"]
[EventDate "2019.07.20"]
[EventType "swiss"]
[EventCountry "SUI"]
[SourceTitle "playchess.com"]
[Source "ChessBase"]
[SourceQuality "1"]
[TimeControl "40/5400+30:1800+30"]

1. d4 {[%emt 0:00:00]} d5 {[%emt 0:00:00]} 2. c4 {[%emt 0:00:00]} e6 {[%emt 0:00:00]} 3. Nc3 {[%emt 0:00:02]} c6 {[%emt 0:00:00]} 4. Nf3 {[%emt 0:00:11]} Nf6 {[%emt 0:00:07]} 5. g3 {[%emt 0:00:38]} dxc4 {[%emt 0:00:26]} 6. Bg2 {[%emt 0:00:08]} Nbd7 {[%emt 0:03:36]} 7. O-O {[%emt 0:00:16]} b5 {[%emt 0:00:37]} 8. e4 {[%emt 0:01:34]} Bb7 {[%emt 0:00:13]} 9. e5 {[%emt 0:01:02]} Nd5 {[%emt 0:00:07]} 10. Ng5 {[%emt 0:00:28]} h6 {[%emt 0:00:19]} 11. Nxe6 {[%emt 0:00:40]} fxe6 {[%emt 0:00:07]} 12. Qh5+ {[%emt 0:00:08]} Ke7 {[%emt 0:00:04]} 13. Ne4 {[%emt 0:01:31]} Qe8 {[%emt 0:00:13]} 14. Bg5+ {[%emt 0:00:26]} hxg5 {[%emt 0:00:08]} 15. Qxh8 {[%emt 0:00:03]} Kd8 {[%emt 0:00:15]} 16. Nxg5 {[%emt 0:01:56]} Qe7 {[%emt 0:00:21]} 17. Qh5 {[%emt 0:10:44]} N7b6 {[%emt 0:13:12]} 18. Qg6 {[%emt 0:06:26]} Bc8 {[%emt 0:05:35]} 19. Bh3 {[%emt 0:03:26]} Qe8 {[%emt 0:03:11]} 20. Qxe8+ {[%emt 0:19:48]} Kxe8 {[%emt 0:01:53]} 21. Bxe6 {[%emt 0:00:08]} Be7 {[%emt 0:05:14]} 22. Bxc8 {[%emt 0:03:08]} Rxc8 {[%emt 0:00:38]} 23. Ne4 {[%emt 0:00:25]} Rd8 {[%emt 0:03:54]} 24. Rfe1 {[%emt 0:07:27]} Nb4 {[%emt 0:07:44]} 25. Nd6+ {[%emt 0:03:21]} Kf8 {[%emt 0:00:51]} 26. Re4 {[%emt 0:03:42]} Bxd6 {[%emt 0:00:49]} 27. exd6 {[%emt 0:00:02]} Nd3 {[%emt 0:07:57]} 28. Re7 {[%emt 0:07:52]} a5 {[%emt 0:04:36]} 29. Ra7 {[%emt 0:06:01]} Rxd6 {[%emt 0:01:28]} 30. Rxa5 {[%emt 0:00:16]} Nxb2 {[%emt 0:00:26]} 31. Re1 {[%emt 0:04:58]} Rxd4 {[%emt 0:03:20]} 32. Re3 {[%emt 0:07:47]} Rd3 {[%emt 0:01:39]} 33. Re2 {[%emt 0:04:53]} c3 {[%emt 0:00:42]} 34. Ra3 {[%emt 0:02:40]} c2 {[%emt 0:01:27]} 35. Rxc2 {[%emt 0:00:29]} Rxa3 {[%emt 0:00:06]} 36. Rxc6 {[%emt 0:00:25]} Nd7 {[%emt 0:01:51]} 37. Rc7 {[%emt 0:00:17]} Ke7 {[%emt 0:00:10]} 38. Rb7 {[%emt 0:00:12]} Ra5 {[%emt 0:00:08]} 39. h4 {[%emt 0:00:21]} Kd6 {[%emt 0:00:05]} 0-1

[Event "Biel Master Tournament 2019"]
[Site "Biel"]
[Date "2019.07.23"]
[Round "2.8"]
[White "Martirosyan, Haik M."]
[Black "Gupta, Sankalp"]
[Result "1-0"]
[WhiteElo "2619"]
[BlackElo "2147"]
[Annotator "TA"]
[PlyCount "189"]
[EventDate "2019.07.20"]
[EventType "swiss"]
[EventCountry "SUI"]
[SourceTitle "playchess.com"]
[Source "ChessBase"]
[SourceQuality "1"]

{[%evp 9,193,28,28,14,28,31,25,20,34,23,21,24,26,26,40,39,65,36,68,33,70,58,64,60,46,30,33,10,20,19,18,15,26,-15,17,0,0,0,0,-40,0,-32,-32,-32,-32,-32,-32,-32,-32,-52,-32,-34,-31,-25,-18,-37,-12,-20,0,-7,0,0,35,-70,-20,-47,97,105,196,106,148,160,149,0,0,0,0,0,0,-10,-6,-6,72,66,31,59,52,47,74,74,118,74,74,74,74,74,74,74,74,82,189,117,189,189,189,189,189,189,189,189,189,189,189,189,189,189,189,189,189,181,174,95,167,95,95,95,95,95,95,95,102,101,102,102,102,105,204,102,104,0,200,180,180,180,156,94,94,250,658,658,658,650,643,638,631,390,2289,2280,6116,6116,6116,6116,6116,6116,6116,6116,6116,6116,6116,6116,6116,6116,6116,6116,6102,6102,5125,5404,5620,5519,5127,5100,5100,5092,1338,988]} 1. d4 Nf6 2. Nf3 e6 3. c4 d5 4. Nc3 a6 5. cxd5 exd5 6. Bg5 {D37: Queen's Gambit Declined: 5 Bf4} Be6 7. e3 Nbd7 8. Bd3 {White has an edge.} h6 9. Bf4 g5 10. Bg3 Nh5 11. Qc2 (11. Ne2 Nxg3 12. Nxg3 {1-0 (61) Leko,P (2679)-Caruana,F (2832) Germany 2019}) 11... Nxg3 12. hxg3 g4 $146 ({Predecessor:} 12... Bg7 13. Bf5 Qf6 {1-0 (46) Martirosyan,H (2607)-Andreikin,D (2725) chess.com INT 2019}) 13. Ng1 Bd6 14. Nge2 Nf6 15. O-O-O Qe7 16. Kb1 O-O-O 17. Rc1 Kb8 18. Na4 Ne4 19. Bxe4 dxe4 20. Nc5 Bc8 21. Ka1 Rde8 22. Nc3 {[%cal Rc5e4]} f5 (22... Bxc5 $6 23. Nd5 $16 (23. dxc5 Qxc5 24. b3 b6 $11)) 23. Nd5 Qf7 24. Nf4 b6 25. Na4 h5 26. Rh4 Rh6 27. Nc3 Reh8 28. Nce2 a5 29. Rhh1 Ba6 30. Rhd1 h4 31. gxh4 Rxh4 32. d5 Rh2 33. Nd4 Rc8 34. Qc3 Ka8 35. Nc6 Bb7 36. Rd4 (36. b4 $14 Qe8 37. bxa5 Bxc6 38. dxc6) 36... Rch8 (36... Bxc6 $5 37. Qxc6+ Ka7 $15) 37. Ne6 Rh1 (37... Qd7 $15 {stays ahead.} 38. Rc4 Rh1) 38. Rdd1 $16 R1h2 (38... R1h6 $16) 39. Ne5 (39. b4 $1 $18 {[%cal Rb4a5]} Bxc6 40. Qxc6+ {[%mdl 64] Double Attack} Ka7 41. bxa5 (41. Nxc7 Bxc7 42. Qxc7+ Qxc7 $11) 41... Be5+ 42. Nd4) 39... Qh7 40. Nc4 $1 (40. Nxc7+ $6 Qxc7 41. Qxc7 Bxc7 $11) 40... Rc8 {[#]} 41. Nxd6 (41. Nxa5 $1 $16 {[%mdl 512] Threatens to win with Nc6.} Qd7 (41... bxa5 42. Qxa5+) 42. Nxb7 Kxb7 43. Rg1) 41... cxd6 $11 42. Qe1 Rxc1+ 43. Rxc1 Rxg2 44. Nc7+ Kb8 45. Nb5 Qd7 ({Don't go for} 45... Bxd5 $2 46. Qd1 $18) (45... g3 $11 46. fxg3 Qg7 $1 {[%mdl 512]}) 46. Qh1 $1 $16 {[%cal Rh1h8]} Qxb5 ({But not} 46... Rxf2 $2 47. Qh8+ Bc8 48. Nxd6 $1 $18 {[%mdl 512]}) 47. Qxg2 Qxd5 $14 {[%mdl 4096] Endgame KQR-KQB} 48. Qg1 Qe5 49. Rd1 Kc7 50. Kb1 Kb8 51. Qg3 Qxg3 52. fxg3 $16 {KR-KB} Kc7 53. Kc2 {[%mdl 1024] White has strong compensation.} Kc6 54. Kc3 Kc5 (54... Bc8 $16 {was worth a try.}) 55. a3 ({White should play} 55. Rf1 $18) 55... a4 (55... Bd5 $16) 56. Rh1 $18 Bc8 57. Rh7 Kc6 58. Kd4 b5 59. Kc3 Be6 60. Kb4 Bd7 61. Re7 Bc8 62. Ra7 Kb6 63. Rh7 Kc6 64. Rh1 Be6 65. Rh2 ({White should try} 65. Rh5 $18) 65... Bd7 {[#]} (65... Bc4 $16) 66. Ka5 ({Better is} 66. b3 $1 $18) 66... Be6 $16 67. Rc2+ Bc4 68. Kb4 Kb6 69. Rh2 {aiming for Rh5.} Kc6 70. Rh6 {Rf6 is the strong threat.} Kd5 71. Rf6 Ke5 72. Rf8 Be2 (72... Ke6 $16 {was called for.}) 73. Ka5 (73. b3 $18) 73... Kd5 {[#]} 74. Kb4 (74. Rxf5+ Kc4 $15) (74. Rc8 $1 $16) 74... Ke5 $18 75. b3 axb3 76. Kxb3 Bc4+ 77. Kb4 {And now a4 would win.} Bf1 78. Ka5 d5 $2 (78... Be2 79. Kb6 Kd5) 79. Rd8 Ke6 80. Kb4 Bc4 81. Kc3 Ke7 82. Rb8 f4 $2 (82... Kd6 83. Re8 Kc7) 83. gxf4 {White is clearly winning.} g3 84. Rb6 Kf7 85. f5 g2 86. Rg6 g1=Q 87. Rxg1 Kf6 88. Kd4 Kxf5 89. Kc5 Kf6 90. Rg3 Kf5 91. Rg7 Kf6 92. Rd7 Ke5 93. Rd8 Ke6 94. Kd4 Bb3 95. Rc8 {Played: Rd8-b8} 1-0

[Event "Biel Master Tournament 2019"]
[Site "Biel"]
[Date "2019.07.23"]
[Round "2.9"]
[White "Erdos, Viktor"]
[Black "Low, Zhen Yu Cyrus"]
[Result "1-0"]
[WhiteElo "2603"]
[BlackElo "2155"]
[Annotator "ChessBase"]
[PlyCount "87"]
[EventDate "2019.07.20"]
[EventType "swiss"]
[EventCountry "SUI"]
[SourceTitle "playchess.com"]
[Source "ChessBase"]
[SourceQuality "1"]
[TimeControl "40/5400+30:1800+30"]

1. Nf3 {[%emt 0:01:25]} Nf6 {[%emt 0:00:00]} 2. c4 {[%emt 0:00:05]} e6 {[%emt 0:00:00]} 3. d4 {[%emt 0:01:14]} d5 {[%emt 0:00:00]} 4. Bg5 {[%emt 0:00:54]} h6 {[%emt 0:00:00]} 5. Bxf6 {[%emt 0:00:06]} Qxf6 {[%emt 0:00:05]} 6. e3 {[%emt 0:00:28]} g6 {[%emt 0:00:58]} 7. Qb3 {[%emt 0:01:22]} c6 {[%emt 0:01:41]} 8. Nbd2 {[%emt 0:02:27]} Nd7 {[%emt 0:03:53]} 9. Bd3 {[%emt 0:00:30]} Bg7 {[%emt 0:00:20]} 10. O-O {[%emt 0:00:20]} O-O {[%emt 0:00:18]} 11. Rac1 {[%emt 0:00:24]} b6 {[%emt 0:13:36]} 12. cxd5 {[%emt 0:11:32]} exd5 {[%emt 0:00:14]} 13. Qa4 {[%emt 0:00:21]} c5 {[%emt 0:07:10]} 14. Ba6 {[%emt 0:31:14]} Qe6 {[%emt 0:15:46]} 15. Rc2 {[%emt 0:02:40]} Bxa6 {[%emt 0:11:56]} 16. Qxa6 {[%emt 0:00:22]} cxd4 {[%emt 0:00:05]} 17. exd4 {[%emt 0:00:35]} Nf6 {[%emt 0:00:06]} 18. Rc7 {[%emt 0:11:43]} Ne4 {[%emt 0:02:30]} 19. Nb3 {[%emt 0:00:06]} Rfc8 {[%emt 0:18:56]} 20. Rfc1 {[%emt 0:01:53]} Nd6 {[%emt 0:01:07]} 21. Rxc8+ {[%emt 0:07:46]} Rxc8 {[%emt 0:00:25]} 22. Rxc8+ {[%emt 0:01:43]} Qxc8 {[%emt 0:00:22]} 23. Qxc8+ {[%emt 0:01:35]} Nxc8 {[%emt 0:00:01]} 24. Na1 {[%emt 0:00:13]} Kf8 {[%emt 0:01:12]} 25. Nc2 {[%emt 0:00:39]} Ke7 {[%emt 0:00:07]} 26. Kf1 {[%emt 0:00:17]} Kd6 {[%emt 0:01:19]} 27. Ke2 {[%emt 0:00:10]} Ne7 {[%emt 0:00:07]} 28. Na3 {[%emt 0:02:41]} a6 {[%emt 0:01:13]} 29. Nc2 {[%emt 0:00:09]} Nc6 {[%emt 0:00:06]} 30. Ke3 {[%emt 0:01:26]} Ke6 {[%emt 0:00:43]} 31. h3 {[%emt 0:00:25]} Bf6 {[%emt 0:00:45]} 32. Kd3 {[%emt 0:01:46]} Kd6 {[%emt 0:00:29]} 33. Ng1 {[%emt 0:00:36]} Bg7 {[%emt 0:01:20]} 34. f4 {[%emt 0:02:37]} Ke6 {[%emt 0:05:06]} 35. Nf3 {[%emt 0:03:09]} Ne7 {[%emt 0:00:17]} 36. Ne3 {[%emt 0:05:39]} Nc8 {[%emt 0:02:54]} 37. g4 {[%emt 0:01:20]} Nd6 {[%emt 0:00:19]} 38. Nh4 {[%emt 0:02:29]} Ne4 {[%emt 0:06:18]} 39. f5+ {[%emt 0:00:04]} gxf5 {[%emt 0:00:05]} 40. Nhxf5 {[%emt 0:00:54]} Bf6 {[%emt 0:02:24]} 41. Nxd5 {[%emt 0:11:22]} Nf2+ {[%emt 0:04:16]} 42. Kc4 {[%emt 0:00:14]} b5+ {[%emt 0:01:22]} 43. Kc5 {[%emt 0:00:04]} Bd8 {[%emt 0:00:14]} 44. Kc6 {[%emt 0:04:29] Kxd5+} 1-0

[Event "Biel Master Tournament 2019"]
[Site "Biel"]
[Date "2019.07.23"]
[Round "2.10"]
[White "Meins, Gerlef"]
[Black "Tabatabaei, M.amin"]
[Result "0-1"]
[WhiteElo "2417"]
[BlackElo "2601"]
[Annotator "ChessBase"]
[PlyCount "68"]
[EventDate "2019.07.20"]
[EventType "swiss"]
[EventCountry "SUI"]
[SourceTitle "playchess.com"]
[Source "ChessBase"]
[SourceQuality "1"]
[TimeControl "40/5400+30:1800+30"]

1. d4 {[%emt 0:00:00]} Nf6 {[%emt 0:01:29]} 2. Nf3 {[%emt 0:00:25]} g6 {[%emt 0:00:36]} 3. c4 {[%emt 0:00:57]} Bg7 {[%emt 0:00:07]} 4. Nc3 {[%emt 0:00:13]} O-O {[%emt 0:00:20]} 5. e4 {[%emt 0:01:01]} d6 {[%emt 0:00:08]} 6. Be2 {[%emt 0:01:11]} e5 {[%emt 0:00:13]} 7. O-O {[%emt 0:03:52]} Nc6 {[%emt 0:00:16]} 8. d5 {[%emt 0:01:33]} Ne7 {[%emt 0:00:08]} 9. b4 {[%emt 0:01:40]} a5 {[%emt 0:00:12]} 10. Ba3 {[%emt 0:01:26]} axb4 {[%emt 0:00:29]} 11. Bxb4 {[%emt 0:00:06]} b6 {[%emt 0:00:06]} 12. a4 {[%emt 0:04:34]} Nh5 {[%emt 0:00:17]} 13. g3 {[%emt 0:05:06]} Bh6 {[%emt 0:13:49]} 14. a5 {[%emt 0:07:31]} bxa5 {[%emt 0:00:37]} 15. Rxa5 {[%emt 0:02:15]} Bh3 {[%emt 0:01:13]} 16. Re1 {[%emt 0:03:06]} c5 {[%emt 0:00:33]} 17. Rxa8 {[%emt 0:03:24]} Qxa8 {[%emt 0:00:16]} 18. Bxc5 {[%emt 0:00:10]} dxc5 {[%emt 0:00:29]} 19. Nxe5 {[%emt 0:03:36]} Nf6 {[%emt 0:16:43]} 20. Nd3 {[%emt 0:11:43]} Qa5 {[%emt 0:05:01]} 21. Qa1 {[%emt 0:11:27]} Qxa1 {[%emt 0:15:53]} 22. Rxa1 {[%emt 0:00:03]} Bd2 {[%emt 0:00:09]} 23. Nb1 {[%emt 0:07:49]} Nxe4 {[%emt 0:00:37]} 24. Bf3 {[%emt 0:00:15]} Bc3 {[%emt 0:16:16]} 25. Nxc3 {[%emt 0:15:16]} Nxc3 {[%emt 0:00:13]} 26. Nxc5 {[%emt 0:00:07]} Nf5 {[%emt 0:00:06]} 27. Ne4 {[%emt 0:07:25]} Nd4 {[%emt 0:01:15]} 28. Bg4 {[%emt 0:00:54]} Nde2+ {[%emt 0:10:47]} 29. Bxe2 {[%emt 0:01:27]} Nxe2+ {[%emt 0:00:02]} 30. Kh1 {[%emt 0:00:07]} Rc8 {[%emt 0:00:19]} 31. d6 {[%emt 0:04:46]} Bf5 {[%emt 0:02:53]} 32. f3 {[%emt 0:01:36]} Nd4 {[%emt 0:01:01]} 33. g4 {[%emt 0:00:00]} Bxe4 {[%emt 0:01:11]} 34. fxe4 {[%emt 0:00:01]} Ne6 0-1

[Event "Biel Master Tournament 2019"]
[Site "Biel"]
[Date "2019.07.23"]
[Round "2.11"]
[White "Gopal G.N."]
[Black "Morawietz, Dieter"]
[Result "1-0"]
[WhiteElo "2594"]
[BlackElo "2405"]
[Annotator "TA"]
[PlyCount "75"]
[EventDate "2019.07.20"]
[EventType "swiss"]
[EventCountry "SUI"]
[SourceTitle "playchess.com"]
[Source "ChessBase"]
[SourceQuality "1"]

{[%evp 11,75,7,5,4,7,10,31,30,32,37,34,39,31,39,76,83,81,75,91,79,77,85,96,32,67,22,181,177,177,177,172,174,201,196,195,201,194,194,195,190,214,208,454,725,645,686,728,715,1420,854,645,446,895,866,1696,1741,1476,1474,1301,1174,29979,29980,29986,29982,29985,29980]} 1. e4 e6 2. d4 d5 3. Nd2 Be7 4. Ngf3 Nf6 5. e5 Nfd7 6. Bd3 c5 7. c3 {C03: French Tarrasch: Unusual Black 3rd moves} b6 8. O-O cxd4 (8... Ba6 9. Bxa6 Nxa6 10. Qe2 Nab8 11. c4 dxc4 12. Nxc4 O-O 13. Qe4 Na6 {½-½ (45) Movsesian,S (2629)-Caruana,F (2828) chess.com INT 2019}) 9. cxd4 {White is slightly better.} Ba6 10. Ne1 Bxd3 11. Nxd3 Nc6 12. Qg4 g6 {White should prevent ...h5.} 13. Nf3 h5 14. Qg3 $146 ({Predecessor:} 14. Qf4 g5 15. Nxg5 Bxg5 16. Qxg5 Qxg5 17. Bxg5 Nxd4 {½-½ (55) Maroroa,S (2131)-Varga,K (2260) Zalakaros 2014}) 14... Nf8 15. Be3 Nh7 16. Rac1 Rc8 17. h4 ({White should try} 17. Rc3 $16) 17... Qd7 18. Rc3 Nb4 $2 {[#]} (18... Bf8 $11) 19. Nxb4 $18 Bxb4 20. Rxc8+ Qxc8 21. Rc1 $36 {[%mdl 2048] Keeping Black busy.} Qd7 22. Bh6 Be7 23. Qf4 Rg8 24. Rc3 Qb7 25. a3 b5 26. b4 {[%cal Bb2b4,Bb4a5][%mdl 32]} a5 $2 (26... Bd8 {was worth a try.} 27. Qc1 Kd7) 27. bxa5 Bd8 28. Ng5 Nxg5 29. Bxg5 Bxg5 30. Qxg5 {[%mdl 4096] [#] Endgame a6! is the strong threat. KQR-KQR} Kd7 31. Rf3 Rf8 (31... Kc8 $142 32. a6 Qd7) 32. Qd2 Kc8 33. Qb4 Rd8 34. a4 bxa4 35. Qxa4 Qb1+ 36. Kh2 {White mates.} Rd7 37. a6 Qb6 38. Rb3 {Accuracy: White = 86%, Black = 30%.} 1-0

[Event "Biel Master Tournament 2019"]
[Site "Biel"]
[Date "2019.07.23"]
[Round "2.12"]
[White "Petrosyan, Manuel"]
[Black "Lee, Jun Hyeok"]
[Result "1-0"]
[WhiteElo "2592"]
[BlackElo "2383"]
[Annotator "TA"]
[PlyCount "53"]
[EventDate "2019.07.20"]
[EventType "swiss"]
[EventCountry "SUI"]
[SourceTitle "playchess.com"]
[Source "ChessBase"]
[SourceQuality "1"]

{[%evp 12,57,33,21,27,20,29,22,31,24,40,15,19,18,28,30,24,19,23,2,18,10,14,4,7,0,0,-15,0,-2,0,0,0,-17,-15,-29,64,2,230,232,536,522,510,429,421,420,422,427]} 1. d4 Nf6 2. c4 b6 3. Nf3 Bb7 4. Nc3 e6 5. a3 Ne4 6. Nxe4 Bxe4 7. Bf4 d6 {E12: Queen's Indian: Unusual White 4th moves, 4 a3, 4 Nc3 Bb7 5 a3 and 4 Nc3 Bb7} 8. e3 Be7 9. Bd3 (9. Nd2 Bb7 10. Bd3 Nd7 11. Qc2 h5 12. h4 c5 13. Be4 Qc8 14. O-O-O cxd4 15. exd4 d5 16. cxd5 Nf6 17. Bd3 Nxd5 18. Be5 {½-½ (18) Mamedyarov,S (2817)-Korobov,A (2698) St Petersburg 2018}) 9... Bxd3 {The position is equal.} 10. Qxd3 a5 11. b3 Nd7 12. e4 O-O 13. O-O Qc8 14. Be3 Re8 $146 ({Predecessor:} 14... Qb7 15. Nd2 {1-0 (38) Sanikidze,T (2512)-Martynov,R (2366) Batumi 2018}) 15. Nd2 e5 16. d5 Qd8 17. g3 Bg5 18. f4 exf4 19. gxf4 Bh6 20. Bd4 $36 {[%mdl 2048] White is more active.} Qh4 21. Qg3 Qh5 22. Rae1 f5 23. Kh1 g6 ({Black should try} 23... Re7 $11) 24. Bb2 (24. Ba1 $1 $14 Re7 25. exf5 Rxe1 26. Rxe1 Qxf5 27. Qc3) 24... Kf7 $2 {[#]} (24... Re7 $11) 25. Qc3 $1 $18 {Strongly threatening Re3.} Qh4 $2 (25... Re7 {is tougher.} 26. Re3 Bf8) 26. Nf3 Qxf4 27. exf5 {Played: Bb2-c1} 1-0

[Event "Biel Master Tournament 2019"]
[Site "Biel"]
[Date "2019.07.23"]
[Round "2.13"]
[White "Rahul Srivatshav P"]
[Black "Vaibhav, Suri"]
[Result "1/2-1/2"]
[WhiteElo "2414"]
[BlackElo "2591"]
[Annotator "ChessBase"]
[PlyCount "86"]
[EventDate "2019.07.20"]
[EventType "swiss"]
[EventCountry "SUI"]
[SourceTitle "playchess.com"]
[Source "ChessBase"]
[SourceQuality "1"]
[TimeControl "40/5400+30:1800+30"]

1. c4 {[%emt 0:00:21]} e5 {[%emt 0:00:00]} 2. Nc3 {[%emt 0:00:23]} Nf6 {[%emt 0:00:04]} 3. Nf3 {[%emt 0:00:06]} Nc6 {[%emt 0:00:06]} 4. e4 {[%emt 0:00:03]} g6 {[%emt 0:07:33]} 5. d4 {[%emt 0:11:34]} exd4 {[%emt 0:00:23]} 6. Nxd4 {[%emt 0:00:14]} Bg7 {[%emt 0:00:05]} 7. Nc2 {[%emt 0:05:26]} O-O {[%emt 0:02:46]} 8. Be2 {[%emt 0:01:15]} Re8 {[%emt 0:06:12]} 9. f3 {[%emt 0:00:20]} d6 {[%emt 0:07:12]} 10. O-O {[%emt 0:03:19]} Nh5 {[%emt 0:01:41]} 11. g4 {[%emt 0:08:01]} Nf6 {[%emt 0:09:48]} 12. Bf4 {[%emt 0:05:07]} h5 {[%emt 0:08:48]} 13. h3 {[%emt 0:02:18]} Nh7 {[%emt 0:04:17]} 14. Qd2 {[%emt 0:04:19]} hxg4 {[%emt 0:05:30]} 15. hxg4 {[%emt 0:00:09]} g5 {[%emt 0:02:01]} 16. Be3 {[%emt 0:03:20]} Ne5 {[%emt 0:00:58]} 17. Kg2 {[%emt 0:10:18]} Be6 {[%emt 0:01:18]} 18. b3 {[%emt 0:06:33]} Ng6 {[%emt 0:00:39]} 19. Nb4 {[%emt 0:07:06]} c6 {[%emt 0:07:38]} 20. Nd3 {[%emt 0:04:02]} d5 {[%emt 0:05:36]} 21. cxd5 {[%emt 0:05:12]} cxd5 {[%emt 0:00:06]} 22. exd5 {[%emt 0:00:11]} Bxg4 {[%emt 0:00:56]} 23. Nc5 {[%emt 0:03:09]} Bxc3 {[%emt 0:18:51]} 24. Qxc3 {[%emt 0:00:07]} Nf4+ {[%emt 0:03:10]} 25. Bxf4 {[%emt 0:00:09]} Rxe2+ {[%emt 0:00:02]} 26. Rf2 {[%emt 0:00:19]} Bh3+ {[%emt 0:00:19]} 27. Kg1 {[%emt 0:00:27]} Rxf2 {[%emt 0:00:34]} 28. Kxf2 {[%emt 0:00:08]} gxf4 {[%emt 0:01:38]} 29. Rg1+ {[%emt 0:03:01]} Ng5 {[%emt 0:00:01]} 30. d6 {[%emt 0:06:54]} f6 {[%emt 0:02:28]} 31. Qc4+ {[%emt 0:01:49]} Kg7 {[%emt 0:01:57]} 32. Qxf4 {[%emt 0:00:05]} Rc8 {[%emt 0:01:09]} 33. Qd4 {[%emt 0:00:22]} Kf7 {[%emt 0:01:34]} 34. Qd5+ {[%emt 0:01:47]} Kf8 {[%emt 0:00:08]} 35. d7 {[%emt 0:01:10]} Rc7 {[%emt 0:00:37]} 36. Qd6+ {[%emt 0:03:06]} Kf7 {[%emt 0:00:01]} 37. Qd5+ {[%emt 0:01:04]} Kf8 {[%emt 0:00:00]} 38. Qd6+ {[%emt 0:00:08]} Kf7 {[%emt 0:00:00]} 39. Qd5+ {[%emt 0:00:05]} Kf8 {[%emt 0:02:51]} 40. Qd6+ {[%emt 0:02:27]} Kf7 {[%emt 0:00:02]} 41. Qd5+ {[%emt 0:00:01]} Kf8 {[%emt 0:00:01]} 42. Qd6+ {[%emt 0:00:01]} Kf7 43. Qd5+ {[%emt 0:00:03]} Kf8 1/2-1/2

[Event "Biel Master Tournament 2019"]
[Site "Biel"]
[Date "2019.07.23"]
[Round "2.14"]
[White "Haimovich, Tal"]
[Black "Antipov, Mikhail Al."]
[Result "0-1"]
[WhiteElo "2379"]
[BlackElo "2582"]
[Annotator "ChessBase"]
[PlyCount "70"]
[EventDate "2019.07.20"]
[EventType "swiss"]
[EventCountry "SUI"]
[SourceTitle "playchess.com"]
[Source "ChessBase"]
[SourceQuality "1"]
[TimeControl "40/5400+30:1800+30"]

1. d4 {[%emt 0:00:00]} Nf6 {[%emt 0:00:44]} 2. c4 {[%emt 0:00:07]} g6 {[%emt 0:00:06]} 3. Nc3 {[%emt 0:00:07]} d5 {[%emt 0:00:06]} 4. cxd5 {[%emt 0:05:53]} Nxd5 {[%emt 0:00:06]} 5. Nf3 {[%emt 0:00:19]} Bg7 {[%emt 0:00:10]} 6. e3 {[%emt 0:00:19]} O-O {[%emt 0:05:28]} 7. Bd2 {[%emt 0:05:22]} c5 {[%emt 0:05:29]} 8. Qb3 {[%emt 0:07:17]} Nb4 {[%emt 0:16:18]} 9. a3 {[%emt 0:16:09]} Be6 {[%emt 0:01:04]} 10. Qd1 {[%emt 0:02:02]} N4a6 {[%emt 0:20:53]} 11. Nb5 {[%emt 0:06:49]} Qb6 {[%emt 0:03:43]} 12. b4 {[%emt 0:08:17]} cxd4 {[%emt 0:00:59]} 13. Nfxd4 {[%emt 0:04:20]} Bd7 {[%emt 0:10:14]} 14. a4 {[%emt 0:03:50]} Bxb5 {[%emt 0:04:02]} 15. axb5 {[%emt 0:09:36]} Bxd4 {[%emt 0:00:21]} 16. exd4 {[%emt 0:00:16]} Nc7 {[%emt 0:00:05]} 17. Be3 {[%emt 0:00:16]} Nxb5 {[%emt 0:04:33]} 18. d5 {[%emt 0:05:34]} Qd6 {[%emt 0:00:01]} 19. Qb3 {[%emt 0:03:45]} Nc7 {[%emt 0:00:05]} 20. Rd1 {[%emt 0:01:42]} Nba6 {[%emt 0:01:05]} 21. Rd4 {[%emt 0:02:46]} Rfd8 {[%emt 0:01:06]} 22. h4 {[%emt 0:04:14]} Nxd5 {[%emt 0:02:49]} 23. Bxa6 {[%emt 0:00:41]} bxa6 {[%emt 0:00:48]} 24. h5 {[%emt 0:01:23]} e5 {[%emt 0:01:52]} 25. Rd2 {[%emt 0:02:04]} Qxb4 {[%emt 0:07:11]} 26. Qxb4 {[%emt 0:00:08]} Nxb4 {[%emt 0:00:02]} 27. hxg6 {[%emt 0:00:05]} fxg6 {[%emt 0:00:04]} 28. Ke2 {[%emt 0:01:31]} Nd5 {[%emt 0:00:24]} 29. Rc1 {[%emt 0:02:28]} Kf7 {[%emt 0:06:51]} 30. Bg5 {[%emt 0:01:05]} Rd7 {[%emt 0:01:30]} 31. Rc5 {[%emt 0:02:01]} Ke6 {[%emt 0:00:14]} 32. Ra2 {[%emt 0:02:50]} Rd6 {[%emt 0:00:13]} 33. Kf3 {[%emt 0:01:33]} Rf8+ {[%emt 0:00:46]} 34. Ke4 {[%emt 0:00:50]} Rf5 {[%emt 0:00:38]} 35. Bc1 {[%emt 0:01:02]} Nf6+ {[%emt 0:00:05] Kd4} 0-1